Law and Public Order in Space (Record no. 1190211)

MARC details
000 -LEADER
fixed length control field 00696nam a2200253Ia 4500
003 - CONTROL NUMBER IDENTIFIER
control field OSt
005 - DATE AND TIME OF LATEST TRANSACTION
control field 20221007110227.0
008 - FIXED-LENGTH DATA ELEMENTS--GENERAL INFORMATION
fixed length control field 221006b |||||||| |||| 00| 0 eng d
037 ## - SOURCE OF ACQUISITION
Terms of availability Textual
040 ## - CATALOGING SOURCE
Original cataloging agency LCO
Transcribing agency LCO
Language of cataloging eng
041 ## - LANGUAGE CODE
Source of code eng
Language code of text/sound track or separate title eng
100 ## - MAIN ENTRY--PERSONAL NAME
Personal name Mcdougal Myres S.
9 (RLIN) 120067
245 #0 - TITLE STATEMENT
Title Law and Public Order in Space
260 ## - PUBLICATION, DISTRIBUTION, ETC.
Place of publication, distribution, etc. New
Name of publisher, distributor, etc. Haven Yale University Press U.S.A.
Date of publication, distribution, etc. 1963
300 ## - PHYSICAL DESCRIPTION
Extent 1144
650 ## - SUBJECT ADDED ENTRY--TOPICAL TERM
Topical term or geographic name entry element SPACE LAW
9 (RLIN) 690559
700 ## - ADDED ENTRY--PERSONAL NAME
Personal name Lasswell Harold D.
942 ## - ADDED ENTRY ELEMENTS (KOHA)
Classification part Z1,218, K3
Koha item type Textual
Holdings
Withdrawn status Lost status Damaged status Not for loan Home library Current library Date acquired Total Checkouts Full call number Barcode Date last seen Price effective from Koha item type
        Law Centre-I Library Law Centre-I Library 2022-10-07   Z1,218 K3 LO0006013 2022-10-07 2022-10-07 Textual
Copyright @ Delhi University Library System